000 00416cam a2200145 4500500
005 20260329014242.0
041 _afre
042 _adc
100 1 0 _aBourgeois, Didier
_eauthor
245 0 0 _aPages de fin
260 _c2006.
500 _a9
786 0 _nPsy Cause | 43 | 1 | 2006-01-01 | p. 55-56 | 1245-2394
856 4 1 _uhttps://shs.cairn.info/revue-psy-cause-2006-1-page-55?lang=fr&redirect-ssocas=7080
999 _c1887549
_d1887549